[Event "Rio Verde Goiano op"]
[Site "Rio Verde"]
[Date "2023.12.02"]
[Round "3"]
[White "Santos, Luciano da Silva"]
[Black "Cabral, Leandro Ferreira"]
[Result "1-0"]
[WhiteElo "1848"]
[BlackElo "1798"]
[PlyCount "86"]
[EventDate "2023.12.01"]
[EventType "swiss"]
[EventRounds "6"]
[EventCountry "BRA"]
[SourceTitle "CB50_2023"]
[SourceDate "2023.12.13"]
[SourceVersion "1"]
[SourceVersionDate "2023.12.13"]
[SourceQuality "1"]

1. e4 e6 2. d4 d6 3. f4 Nf6 4. Nc3 g6 5. Nf3 Bg7 6. Be2 Nc6 7. e5 dxe5 8. fxe5 Nd5 9. Ne4 h6 10. 0-0 0-0 11. c3 b6 12. Bd3 Bb7 13. Qe2 a5 14. Bd2 Qc8 15. a3 Ba6 16. c4 Nde7 17. g4 Kh8 18. Be3 Ng8 19. Rad1 f5 20. exf6 Nxf6 21. Nxf6 Rxf6 22. g5 hxg5 23. Bxg5 Rf5 24. Bxf5 exf5 25. d5 Na7 26. a4 Qe8 27. Qxe8+ Rxe8 28. b3 Nc8 29. Rfe1 Re4 30. Rxe4 fxe4 31. Nd4 Nd6 32. Ne6 Nf5 33. Nxg7 Kxg7 34. Re1 Nd4 35. Rxe4 Nf3+ 36. Kf2 Nxg5 37. Re7+ Kf6 38. Rxc7 Ne4+ 39. Ke3 Nc5 40. Rc6+ Kf5 41. Rxb6 Bxc4 42. bxc4 Nxa4 43. Rb5 g5 1-0